Catálogo

Vista normal Vista MARC

Entrada Personal Name

Número de registros utilizados en: 1

001 - CONTROL NUMBER

  • control field: 271

003 - CONTROL NUMBER IDENTIFIER

  • control field: DLC

005 - DATE AND TIME OF LATEST TRANSACTION

  • control field: 20251201110321.0

008 - FIXED-LENGTH DATA ELEMENTS

  • fixed length control field: 980331n| azannaabn |a aaa c

010 ## - LIBRARY OF CONGRESS CONTROL NUMBER

  • LC control number: nr 98011741

035 ## - SYSTEM CONTROL NUMBER

  • System control number: (OCoLC)oca04697954

035 ## - SYSTEM CONTROL NUMBER

  • System control number: (CaEvSKY)skya5921901

040 ## - CATALOGING SOURCE

  • Original cataloging agency: NjP
  • Language of cataloging: spa
  • Description conventions: rda
  • Transcribing agency: Mx-PuUPA
  • Modifying agency: TxU
  • Modifying agency: MX-SlUA
  • Modifying agency: Mx-PuUPA

100 1# - HEADING--PERSONAL NAME

  • Personal name: Guadarrama, Jorge,

374 ## - OCCUPATION

  • Occupation: Coordinador

375 ## - GENDER

  • Gender: hombre

377 ## - ASSOCIATED LANGUAGE

  • Language code: spa

400 1# - SEE FROM TRACING--PERSONAL NAME

  • Personal name: Guadarrama Guevara, Jorge

400 1# - SEE FROM TRACING--PERSONAL NAME

  • Personal name: Guevara, Jorge Guadarrama

670 ## - SOURCE DATA FOUND

  • Source citation: La Reina de las Américas, c1996:
  • Information found: p. preceding t.p. (Jorge Guadarrama)

670 ## - SOURCE DATA FOUND

  • Source citation: Un privilegio sagrado, 2006:
  • Information found: p. 350 (curaduría técnica y museografía, Jorge Guadarrama Guevara)

670 ## - SOURCE DATA FOUND

  • Source citation: La conservación de la imagen de la Virgen de Guadalupe : un testimonio, 2021:
  • Information found: title page (Jorge Guadarrama Guevara)